000 00646nam a22002057a 4500
999 _c186
_d186
003 AR-CdUCM
008 190222b ||||| |||| 00| 0 spa d
040 _aMUNICIPALIDAD PROVINCIAL DEL CUSCO
_cBIBLIOTECA MUNICIPAL DEL CUSCO
082 _a818.41 /
_bAL36
100 _aAlcott, Louisa May
_9851
245 _aMujercitas /
260 _aLima :
_bCía. impresora peruana,
_c1998.
300 _a79 páginas ;
_bilustraciones,
_c16 cm.
440 _aGran biblioteca juvenil-La Republica.
_9852
650 _aNovela juvenil
_9823
650 _aNovelas estadounidenses
_9734
650 _aNovelas siglo XIX
_9853
942 _2ddc
_cLIBROS
945 _azta